| 000 | 01439nas a22001817a 4500 | ||
|---|---|---|---|
| 007 | ta | ||
| 008 | 231031s2023 xxk||||os||||o00| 0 eng d | ||
| 041 | _aeng | ||
| 245 | _aGlobal 100 Ltd v Carlos Jimenez and ors | ||
| 260 |
_a[2023] EWCA 1243, _bCourt of Appeal _c20 January 2023 |
||
| 520 | _aThe Court of Appeal held that two properties that were occupied by property guardians constituted houses in multiple occupation (HMOs) which should have been licensed under the Housing Act 2004. This was a hearing of two appeals from decisions of the Upper Tribunal (Lands Chamber). Both appeals raised an issue about whether the use made by “property guardians” of their “living accommodation” constituted “the only use of that accommodation” for the purposes of section 254(2)(d) of the Housing Act 2004, meaning that the relevant properties in these appeals were a “house in multiple occupation” (HMO) for the purposes of section 254 of the Housing Act 2004. The Upper Tribunal had dismissed appeals from decisions of the First-tier Tribunal (Property Chamber) (the FTT) which had found that the relevant properties constituted HMOs. | ||
| 650 | _aPROPERTY GUARDIANS | ||
| 650 | _aHOUSING ACT 2004 | ||
| 650 | _aHOUSES OF MULTIPLE OCCUPATION | ||
| 650 | _aLICENSING | ||
| 651 | _aUnited Kingdom | ||
| 856 |
_uhttps://caselaw.nationalarchives.gov.uk/ewca/civ/2023/1243 _zAvailable on the National Archives case law database |
||
| 999 |
_c121690 _d121690 |
||